| 000 | 00526nam a2200193 a 4500 | ||
|---|---|---|---|
| 005 | 20140310183332.0 | ||
| 008 | 060822s19uu xx 00 eng d | ||
| 020 | _a0619213191 | ||
| 050 |
_aQA 76.73.J38 _b.F38 2006 |
||
| 100 | _aFarrell, Joyce | ||
| 245 |
_aJava programming / _cJoyce Farrell. |
||
| 250 | _a3rd ed. | ||
| 260 |
_aAustralia : _bThomson Learning, _c2006. |
||
| 300 |
_a887 p. : _bill. ; _c24 cm. |
||
| 521 | _aIT | ||
| 650 | _aJava (Computer program language). | ||
| 942 |
_cBK _2lcc _kFOR |
||
| 999 |
_c21579 _d21579 |
||